00536nam a22001457a 4500003000500000038001800005082000800023100002500031245015000056264003300206300002400239650003600263700003300299856005800332NUST aNusrat Nadeem a200 aAnwar, Seemi Roheela aExploring the Female Vulnerabilities caused by Climate Induced Male-out Migration: A Case Study on Muzaffargarh, Pakistan/cSeemi Roheela Anwar,  aIslamabad;bS3H NUST;c2024. a99,p;bill;c30,cm. aMS-Government and Public Policy aSupervisor: Dr. Uzair Hashmi u http://10.250.8.41:8080/xmlui/handle/123456789/46364